| 000 | 00511pam a2200205 a 4500 | ||
|---|---|---|---|
| 001 | 1934830 | ||
| 005 | 20180213032039.0 | ||
| 008 | 861205s1987 nyu b 001 0 eng | ||
| 010 | _a 86032429 | ||
| 020 | _a0195044258 (alk. paper) | ||
| 040 |
_aDLC _cDLC _dDLC |
||
| 041 | _aeng | ||
| 080 | _a789.9 | ||
| 082 | 0 | 0 |
_a789.9 MOR _219 |
| 100 | 1 | _a45 | |
| 101 | _aMUZ | ||
| 245 | 1 | 2 |
_aA guide to opera recordings / _cEthan Mordden. |
| 906 |
_a7 _bcbc _corignew _d1 _eocip _f19 _gy-gencatlg |
||
| 942 |
_2ddc _cBK |
||
| 999 |
_c42323 _d42323 |
||